Deutsche Bundesländer - Sudden Death - Sprint - Statistiken

Allgemein
  • Dieses Quiz wurde 231 mal gespielt
    92 seit der letzten Aktualisierung
  • Das Durchschnittsergebnis liegt bei 12 aus 16
Answers on the Grid
Answers color-coded by a green-red scale on the quiz's grid according to % correct below.
Alpen
Baden-Württemberg
Bayern
Berlin
Brandenburg
Bremen
Flandern
Franken
Hamburg
Hessen
Hohenzollern
Holland
Köln-Bonn
Limburg
Mecklenburg-Vorpommern
München
Niedersachsen
Nordrhein-Westfalen
Pommern
Rheinland-Pfalz
Ruhrgebiet
Saarbrücken
Saarland
Sachsen
Sachsen-Anhalt
Sauerland
Schlesien
Schleswig-Holstein
Schwaben
Thüringen
 
Antwortstatistiken
Antwort % Korrekt
Thüringen
86%
Baden-Württemberg
82%
Hamburg
80%
Hessen
80%
Mecklenburg-Vorpommern
80%
Bremen
78%
Nordrhein-Westfalen
78%
Niedersachsen
76%
Rheinland-Pfalz
76%
Saarland
76%
Schleswig-Holstein
76%
Bayern
74%
Berlin
74%
Sachsen-Anhalt
74%
Sachsen
68%
Brandenburg
66%
Keine übereinstimmenden Quizze gefunden
Verteilung der Resultate
Anzahl Personen mit jedem Resultat
Perzentil nach korrekt beantworteten Fragen
Ihre Resultats-Entwicklung
Sie haben dieses Quiz seit der letzten Aktualisierung nicht gespielt